| 000 | 01128nam a2200241 a 4500 | ||
|---|---|---|---|
| 001 | 000049069 | ||
| 005 | 20201002061629.0 | ||
| 008 | 090909t2004 dr 001 0 spa d | ||
| 040 |
_aDO-SdBNP _bspa _cBNPHU |
||
| 082 |
_a384.54097293 _bR426r |
||
| 110 | 2 |
_aRepública Dominicana _9447 |
|
| 240 | 0 | _a[Reglamento] | |
| 245 | 1 | 3 |
_aReglamento no. 824 :/ : _bpara el funsionamiento de la Comisión Nacional de Espéctaculos Públicos y Radiofonía. Decreto No. 4306 que introduce modificaciones en el reglamento no. 824, del 25 marzo de 1971 /. |
| 246 | 1 | 3 | _aLey no. 6132 de expresión y difusión del pensamiento |
| 260 |
_aSanto Domingo, República Dominicana : _bSecretaría de Estado de Cultura, _c2004. |
||
| 300 |
_a67 p. ; _c24 cm. |
||
| 590 | _aInventariado, 2018/VM | ||
| 650 | 4 |
_aRadiodifusión _xHistoria _zRepública Dominicana _921012 |
|
| 650 | 4 |
_aRadioemisoras _zRepública Dominicana _921013 |
|
| 650 | 4 |
_aPolítica de radiodifusión _zRepública Dominicana _921014 |
|
| 650 | 4 |
_aProgramas de radio _zRepública Dominicana _921015 |
|
| 650 | 4 |
_aMedios de comunicación de masas _xHistoria _xRepública dominicana _921016 |
|
| 999 |
_c48557 _d48557 |
||